<?xml version="1.0" encoding="UTF-8"?>
<collection xmlns="http://www.loc.gov/MARC21/slim">
<record>
  <controlfield tag="001">7652</controlfield>
  <controlfield tag="005">20260410131441.0</controlfield>
  <datafield tag="024" ind1="7" ind2=" ">
    <subfield code="2">DOI</subfield>
    <subfield code="a">10.6083/m4p55n2d</subfield>
  </datafield>
  <datafield tag="037" ind1=" " ind2=" ">
    <subfield code="a">ETD</subfield>
  </datafield>
  <datafield tag="245" ind1=" " ind2=" ">
    <subfield code="a">Building a large public database of de-identified electrocardiogram data from a single emergency department</subfield>
  </datafield>
  <datafield tag="260" ind1=" " ind2=" ">
    <subfield code="b">Oregon Health and Science University</subfield>
  </datafield>
  <datafield tag="269" ind1=" " ind2=" ">
    <subfield code="a">2017</subfield>
  </datafield>
  <datafield tag="336" ind1=" " ind2=" ">
    <subfield code="a">Capstone</subfield>
  </datafield>
  <datafield tag="502" ind1=" " ind2=" ">
    <subfield code="b">M.B.I.</subfield>
  </datafield>
  <datafield tag="502" ind1=" " ind2=" ">
    <subfield code="g">Health &amp; Clinical Informatics</subfield>
  </datafield>
  <datafield tag="520" ind1=" " ind2=" ">
    <subfield code="a">This summary describes the creation of a publically-available database of over 80,000 electrocardiogram (ECG) tracings obtained from patients treated in a single emergency department in a three year period. It describes the process of obtaining the files from the clinical ECG database, processing the text of the electrocardiogram reads, and classifying the findings within the ECGs against a preexisting terminology standard. Future work includes using the qualitative method of thematic analysis to identify categories of concepts not expressed fully in the terminology standard. The issues and methodology of de-identification to prepare the database for public release are discussed.</subfield>
  </datafield>
  <datafield tag="542" ind1=" " ind2=" ">
    <subfield code="f">In copyright - single owner</subfield>
  </datafield>
  <datafield tag="650" ind1=" " ind2=" ">
    <subfield code="a">Adult</subfield>
    <subfield code="0">14319</subfield>
  </datafield>
  <datafield tag="650" ind1=" " ind2=" ">
    <subfield code="a">Emergency Medicine</subfield>
    <subfield code="0">18351</subfield>
  </datafield>
  <datafield tag="650" ind1=" " ind2=" ">
    <subfield code="a">Electrocardiography</subfield>
    <subfield code="0">18280</subfield>
  </datafield>
  <datafield tag="650" ind1=" " ind2=" ">
    <subfield code="a">Databases, Factual</subfield>
    <subfield code="0">28965</subfield>
  </datafield>
  <datafield tag="691" ind1=" " ind2=" ">
    <subfield code="a">School of Medicine</subfield>
    <subfield code="0">41369</subfield>
  </datafield>
  <datafield tag="692" ind1=" " ind2=" ">
    <subfield code="a">Department of Medical Informatics and Clinical Epidemiology</subfield>
    <subfield code="0">41422</subfield>
  </datafield>
  <datafield tag="700" ind1="1" ind2=" ">
    <subfield code="a">Gelman, David</subfield>
    <subfield code="u">Oregon Health and Science University</subfield>
    <subfield code="0">41354</subfield>
  </datafield>
  <datafield tag="720" ind1="1" ind2=" ">
    <subfield code="a">Hersh, William</subfield>
    <subfield code="u">Oregon Health and Science University</subfield>
    <subfield code="0">41354</subfield>
    <subfield code="7">Personal</subfield>
    <subfield code="e">Advisor</subfield>
  </datafield>
  <datafield tag="856" ind1="4" ind2=" ">
    <subfield code="9">5556ef58-8e6b-48d6-8e27-be76b2d7d78f</subfield>
    <subfield code="s">728767</subfield>
    <subfield code="u">https://digitalcollections.ohsu.edu/record/7652/files/Gelman.David.2017.pdf</subfield>
    <subfield code="e">Public</subfield>
    <subfield code="2">beea53b3593a632c2f7b6573153ce97b</subfield>
    <subfield code="3">1</subfield>
  </datafield>
  <datafield tag="901" ind1=" " ind2=" ">
    <subfield code="a">&lt;p&gt;These documents are archival records. They are retained for historical reference only. &lt;/p&gt;&lt;p&gt;&lt;b&gt;Need an accessible version? Use the ‘Get Accessible Copy’ link above.&lt;/b&gt;&lt;/p&gt;</subfield>
  </datafield>
  <datafield tag="905" ind1=" " ind2=" ">
    <subfield code="a">/rest/prod/25/14/nm/10/2514nm109</subfield>
  </datafield>
  <datafield tag="909" ind1="C" ind2="O">
    <subfield code="o">oai:digitalcollections.ohsu.edu:7652</subfield>
    <subfield code="p">student-work</subfield>
  </datafield>
  <datafield tag="956" ind1=" " ind2=" ">
    <subfield code="a">Get Accessible Copy</subfield>
    <subfield code="u">https://ohsu.libwizard.com/f/requestaccessibledocument</subfield>
  </datafield>
  <datafield tag="980" ind1=" " ind2=" ">
    <subfield code="a">Theses and Dissertations</subfield>
  </datafield>
</record>
</collection>